| 000 | 00385nam a2200157Ia 4500 | ||
|---|---|---|---|
| 999 |
_c9839 _d9839 |
||
| 020 | _a0700704205 | ||
| 082 | _a958.6 TAJ; | ||
| 245 | 0 | _aTajikistan: the trials of independence | |
| 260 |
_aSurrey _bCurzon Press _c1998 |
||
| 300 | _axiii, 248p | ||
| 650 | _aTAJIKISTAN | ||
| 700 | _aAkiner, Shirin | ||
| 700 | _aGrare, Frederic | ||
| 700 | _aDjalili, Mohammad-Reza | ||
| 942 |
_cBK _2ddc |
||